00397cam a2200157ua 4500020001100000041001000011082002100021100002300042245006000065260006000125300001200185365001100197504000500208942000700213999001900220 cRs.4/- amalh a894.8121bSAN/JE aSankarakurip, G . aJeevana sangeetham / cSankarakurup.hTextual Documents a : bSahitya Pravarthaka Co-operative Society , c1964. a216 ; . aRs.4/- a cBK c339373d339373